000 01324cam a22003377a 4500
005 20220329141224.0
008 971010s1986 r 10010 d
010 _a64649
011 _a65621
035 _a72750
082 _a630.71
_bS45 1986
111 0 0 _aSeminario del Sistema de Centros Regionales Universitarios (
_n2
_d: 1986
_c: Chapingo, Mex.)
_9104100
245 0 _aMemoria
_b: análisis regional de la agricultura II
260 _aChapingo, Méx. :
_bLa Subdirección,
_c1986
300 _a2 v.
590 _aBATCH-UPD
_b10
_c20130110
_lUCH01
_h0156
590 _aBATCH-UPD
_b10
_c20130110
_lUCH01
_h1145
590 _aBATCH-UPD
_b10
_c20130409
_lUCH01
_h2158
590 _aBATCH-UPD
_b10
_c20130410
_lUCH01
_h0730
590 _aBATCH-UPD
_b10
_c20130914
_lUCH01
_h0043
590 _aCONVERSION
_b10
_c20130109
_lUCH01
_h1335
650 1 4 _aAgricultura
_xInvestigacion
_xCongresos.
_91605
650 1 4 _aAgricultura
_zMéxico.
_91932
650 1 4 _aEducación agrícola
_xCongresos.
_935504
650 1 4 _aEducación agrícola
_zMéxico.
_935552
650 1 4 _aPlaneación regional
_xMéxico.
_988714
710 0 _aUACH. Subdirección de Centros Regionales.
_9115962
901 _aBK
949 _a630.71 S45 1986
_bPA
_cLIBRO
_d-5471
_eLIBRO
_h1597
_i72750
_si
949 _a630.71 S45 1986
_bPA
_cLIBRO
_d-57858
_eLIBRO
_fc.2
_h1598
_i72750
_si
999 _c64649
_d64649